A modified version of the BEAM rubber agroforestry model : Smallholders in Indonesia (Record no. 53403)

MARC details
000 -LEADER
fixed length control field 00578nam a2200181Ia 4500
100 ## - MAIN ENTRY--AUTHOR NAME
Personal name Grist P
245 #2 - TITLE STATEMENT
Title A modified version of the BEAM rubber agroforestry model : Smallholders in Indonesia
260 ## - PUBLICATION, DISTRIBUTION, ETC. (IMPRINT)
Name of publisher In Imperata Project Paper - Improving Smallholder Farming Systems in Imperata Areas of Southeast Asia, No. 3, 1995, piii + 28
500 ## - GENERAL NOTE
General note Source Year: 1997
650 ## - SUBJECT ADDED ENTRY--TOPICAL TERM
Topical Term BEAM rubber
650 ## - SUBJECT ADDED ENTRY--TOPICAL TERM
Topical Term Indonesia
650 ## - SUBJECT ADDED ENTRY--TOPICAL TERM
Topical Term Smallholder
700 ## - ADDED ENTRY--PERSONAL NAME
Personal name Menz K
700 ## - ADDED ENTRY--PERSONAL NAME
Personal name Thomas
856 ## - ELECTRONIC LOCATION AND ACCESS
Uniform Resource Identifier IRRDB
942 ## - ADDED ENTRY ELEMENTS (KOHA)
Koha item type Journals
Holdings
Withdrawn status Lost status Damaged status Not for loan Home library Current library Shelving location Date acquired Koha item type
      Journals RRII Library RRII Library Agricultural economics 17/12/2021 Journals